Chemical reaction mechanisms (Record no. 20126)

000 -LEADER
fixed length control field 00574nam a2200205 4500
001 - CONTROL NUMBER
control field 20126
003 - CONTROL NUMBER IDENTIFIER
control field BD-DhUET
008 - FIXED-LENGTH DATA ELEMENTS--GENERAL INFORMATION
fixed length control field 701019t19701971nyua b 001 0 eng
020 ## - INTERNATIONAL STANDARD BOOK NUMBER
International Standard Book Number 0030774705
040 ## - CATALOGING SOURCE
Original cataloging agency DLC
Transcribing agency DLC
Modifying agency BD-DhUET
082 00 - DEWEY DECIMAL CLASSIFICATION NUMBER
Classification number 541.39
Item number FLE/1971
100 1# - MAIN ENTRY--PERSONAL NAME
Personal name Fleck, George M.
245 10 - TITLE STATEMENT
Title Chemical reaction mechanisms
Statement of responsibility, etc. by George M. Fleck
250 ## - EDITION STATEMENT
Edition statement 1st ed.
260 ## - PUBLICATION, DISTRIBUTION, ETC. (IMPRINT)
Place of publication, distribution, etc. New York
Name of publisher, distributor, etc. Holt, Rinehart, and Winston
Date of publication, distribution, etc. 1971
300 ## - PHYSICAL DESCRIPTION
Extent xi, 235 p.
Other physical details illus.
Dimensions 24 cm.
504 ## - BIBLIOGRAPHY, ETC. NOTE
Bibliography, etc Includes bibliographies
650 #0 - SUBJECT ADDED ENTRY--TOPICAL TERM
Topical term or geographic name as entry element Reaction mechanisms (Chemistry)
942 ## - ADDED ENTRY ELEMENTS (KOHA)
Koha item type General Book
Holdings
Withdrawn status Damaged status Lost status Date acquired Sublocation or collection (holding branch) Koha full call number Piece designation (barcode) Source of classification or shelving scheme Not for loan Location (home branch) Price effective from Shelving location Koha normalized classification for sorting Koha date last seen Copy number Koha item type
   2015-04-09Central Library, BUET541.39/FLE/197142447  Central Library, BUET2015-04-09Circulation section541_390000000000000_FLE_19712015-04-091General Book
   2015-04-26Central Library, BUET541.39/FLE/197143031  Central Library, BUET2015-04-26Circulation section541_390000000000000_FLE_19712015-04-262General Book